|
|
|
|
| LEADER |
00000nam a2200000 a 4500 |
| 001 |
1/109834 |
| 008 |
160204s2014####nyu| ||| |||||||eng|| |
| 020 |
|
|
|a 9780486490670
|
| 020 |
|
|
|a 048649067Χ
|
| 040 |
|
|
|a GR-MyUa
|b gre
|c GR-MyUa
|e AACR2
|
| 041 |
0 |
|
|a eng
|
| 082 |
7 |
|
|a 511.3
|2 (23)
|
| 100 |
1 |
|
|a Smullyan, Raymond M.
|
| 245 |
1 |
0 |
|a Four lives :
|b a celebration of Raymond Smullyan /
|c edited and with an introduction by Jason Rosenhouse.
|
| 260 |
|
|
|a Mineola, N.Y. :
|b Dover,
|c 2014.
|
| 300 |
|
|
|a xii, 339 σ. :
|b εικ. ;
|c 24 εκ.
|
| 504 |
|
|
|a Περιέχει ευρετήριο.
|
| 600 |
1 |
2 |
|a Smullyan, Raymond M.
|x Anecdotes.
|
| 650 |
|
0 |
|a Mathematical recreations.
|
| 650 |
|
0 |
|a Logic puzzles.
|
| 700 |
1 |
|
|a Rosenhouse, Jason,
|e edt
|e aui
|
| 852 |
|
|
|a INST
|b SAMOS
|e 20160204
|h 511.3 SMU
|p 005300043315
|q 005300043315
|t BK
|y 0
|
| 922 |
|
|
|a 3ΕΛΗ
|b 201601
|c Τμήμα Μαθηματικών/Μεταπτυχιακό
|d Διαδρομές
|
| 970 |
|
|
|a Κοσιέρης
|b Χρήστος
|z 04-02-2016
|